000 00774nam a2200253Ia 4500
003 OSt
005 20220928130128.0
006 a|||||r|||| 00| 0
007 ta
008 220927b |||||||| |||| 00| 0 eng d
020 _cUKP 26.99
024 _a145184
037 _b4851, 12/03/2021, Govinda Book House
_cTextual
040 _aSDCL
_cSDCL
_beng
041 _2eng
_aeng
082 _aS:523, R0
100 _aFarrand Paul Ed.
_9472849
245 0 _aLow-intensity CBT skills & interventions
_b A practitioner's manual
260 _aNew Delhi
_bSage Publications
_c2020
300 _axx,386p.
_ccm.
650 _aPsychology
942 _hS:523, R0
_cTEXL
_2CC
999 _c785386
_d785386